000 00797nam a22001937a 4500
005 20120706165030.0
010 _aB-477803
020 _a8131100081
_c700.00
035 _aB-477803
037 _adpl
_bK .K.Pub/ven
082 _a891.4414
245 _aRabindra Nath Tagore
_cedited by Shiv Gajrani and S. Ram
260 _aNew Delhi
_bCommonwealth Pub
_c2011
270 _a4831/24 Prahlad Street Ansari Road Darya Ganj
_bNew Delhi
300 _av, 286p
_c23cm
942 _2ddc
_cEN
_h891.4414
_mRAB
999 _c68337
_d68337